[Event "MPL 47th National Women Chess-ch 2022"]
[Site "Odisha"]
[Date "2022.02.25"]
[Round "2.13"]
[White "Parnali, S Dharia"]
[Black "Ishvi Aggarwal"]
[Result "1-0"]
[WhiteElo "2224"]
[BlackElo "1833"]
[Annotator "NA"]
[PlyCount "133"]
[EventDate "2022.02.25"]
[EventCountry "IND"]
[SourceTitle "playchess.com"]
[Source "ChessBase"]
[SourceQuality "1"]
[TimeControl "5400+30"]

1. d4 {[%emt 0:00:05]} d5 {[%emt 0:00:05]} 2. c4 {[%emt 0:00:19]} e6 {[%emt 0:00:06]} 3. Nf3 {[%emt 0:00:55]} Nf6 {[%emt 0:00:05]} 4. g3 {[%emt 0:00:12]} dxc4 {[%emt 0:00:07]} 5. Bg2 {[%emt 0:00:16]} a6 {[%emt 0:00:06]} 6. a4 {[%emt 0:02:06]} Nc6 {[%emt 0:01:46]} 7. O-O {[%emt 0:00:23]} Rb8 {[%emt 0:00:19]} 8. Nc3 {[%emt 0:03:44]} b5 {[%emt 0:07:34]} 9. axb5 {[%emt 0:03:42]} axb5 {[%emt 0:00:03]} 10. Ne5 {[%emt 0:00:05]} Nxe5 {[%emt 0:16:02]} 11. dxe5 {[%emt 0:01:01]} Nd5 {[%emt 0:00:33]} 12. Nxd5 {[%emt 0:04:12]} exd5 {[%emt 0:00:02]} 13. Bxd5 {[%emt 0:05:09]} Bc5 {[%emt 0:02:20]} 14. Bc6+ {[%emt 0:01:06]} Ke7 {[%emt 0:04:45]} 15. Bg5+ {[%emt 0:16:45]} f6 {[%emt 0:00:11]} 16. exf6+ {[%emt 0:00:57]} gxf6 {[%emt 0:00:03]} 17. Qc1 {[%emt 0:09:41]} Qd6 {[%emt 0:06:16]} 18. Bf3 {[%emt 0:00:13]} Bh3 {[%emt 0:15:11]} 19. Rd1 {[%emt 0:05:50]} Qb6 {[%emt 0:01:10]} 20. Qc3 {[%emt 0:01:58]} Bxf2+ {[%emt 0:08:53]} 21. Kh1 {[%emt 0:00:03]} Kf7 {[%emt 0:00:26]} 22. g4 {[%emt 0:06:44]} Rhd8 {[%emt 0:08:10]} 23. Rd5 {[%emt 0:07:44]} Bxg4 {[%emt 0:12:46]} 24. Rxb5 {[%emt 0:07:42]} Qxb5 {[%emt 0:03:09]} 25. Qxf6+ {[%emt 0:00:05]} Kg8 {[%emt 0:01:00]} 26. Bxg4 {[%emt 0:00:23]} Qd5+ {[%emt 0:01:15]} 27. Bf3 {[%emt 0:01:14]} Qd6 {[%emt 0:02:55]} 28. Qc3 {[%emt 0:03:28]} Rf8 {[%emt 0:01:29]} 29. Qxc4+ {[%emt 0:01:28]} Kh8 {[%emt 0:00:02]} 30. Qe4 {[%emt 0:06:50]} Rbe8 {[%emt 0:02:07]} 31. Qc2 {[%emt 0:00:59]} Qe5 {[%emt 0:01:10]} 32. Bd2 {[%emt 0:01:10]} Bd4 {[%emt 0:01:15]} 33. Ra5 {[%emt 0:01:00]} c5 {[%emt 0:00:45]} 34. Bc3 {[%emt 0:04:23]} Rg8 {[%emt 0:01:46]} 35. Ra1 {[%emt 0:02:23]} Re6 {[%emt 0:01:46]} 36. e4 {[%emt 0:03:43]} Qf4 {[%emt 0:01:19]} 37. Qd3 {[%emt 0:00:31]} Qxh2+ {[%emt 0:01:06]} 38. Kxh2 {[%emt 0:00:11]} Rh6+ {[%emt 0:00:01]} 39. Bh5 {[%emt 0:00:13]} Rxh5+ {[%emt 0:00:02]} 40. Qh3 {[%emt 0:00:11]} Rxh3+ {[%emt 0:01:31]} 41. Kxh3 {[%emt 0:00:02]} Rb8 {[%emt 0:00:47]} 42. Kg4 {[%emt 0:01:46]} Kg7 {[%emt 0:00:26]} 43. e5 {[%emt 0:00:34]} Kg6 {[%emt 0:00:34]} 44. Ra6+ {[%emt 0:00:04]} Kf7 {[%emt 0:00:09]} 45. Kf5 {[%emt 0:00:10]} Rb7 {[%emt 0:00:24]} 46. Rd6 {[%emt 0:01:05]} Bxc3 {[%emt 0:00:53]} 47. bxc3 {[%emt 0:00:04]} Rb1 {[%emt 0:00:27]} 48. Rd7+ {[%emt 0:00:08]} Kg8 {[%emt 0:00:36]} 49. Rc7 {[%emt 0:00:19]} h5 {[%emt 0:00:26]} 50. Rxc5 {[%emt 0:00:44]} h4 {[%emt 0:00:13]} 51. Rc8+ {[%emt 0:00:23]} Kg7 {[%emt 0:00:48]} 52. Rc7+ {[%emt 0:00:25]} Kg8 {[%emt 0:00:02]} 53. Rc4 {[%emt 0:01:12]} Rh1 {[%emt 0:00:39]} 54. Rg4+ {[%emt 0:00:38]} Kf7 {[%emt 0:00:16]} 55. e6+ {[%emt 0:00:03]} Ke7 {[%emt 0:00:24]} 56. Rg7+ {[%emt 0:00:04]} Kf8 {[%emt 0:00:39]} 57. Rh7 {[%emt 0:01:06]} h3 {[%emt 0:00:17]} 58. Kf6 {[%emt 0:00:33]} Rf1+ {[%emt 0:00:21]} 59. Ke5 {[%emt 0:00:18]} Re1+ {[%emt 0:01:18]} 60. Kd6 {[%emt 0:00:06]} Rd1+ {[%emt 0:00:05]} 61. Kc7 {[%emt 0:00:12]} Rh1 {[%emt 0:01:00]} 62. c4 {[%emt 0:01:06]} Rc1 {[%emt 0:00:35]} 63. c5 {[%emt 0:00:30]} h2 {[%emt 0:00:28]} 64. Rxh2 {[%emt 0:00:06]} Rxc5+ {[%emt 0:00:12]} 65. Kd6 {[%emt 0:00:01]} Rc1 {[%emt 0:00:17]} 66. e7+ {[%emt 0:00:02]} Kf7 {[%emt 0:00:30]} 67. Rf2+ {[%emt 0:00:05]} 1-0

[Event "MPL 47th National Women Chess-ch 2022"]
[Site "Odisha"]
[Date "2022.02.25"]
[Round "2.14"]
[White "Tejaswini G"]
[Black "Srija, Seshadri"]
[Result "0-1"]
[WhiteElo "1742"]
[BlackElo "2219"]
[Annotator "NA"]
[PlyCount "84"]
[EventDate "2022.02.25"]
[EventCountry "IND"]
[SourceTitle "playchess.com"]
[Source "ChessBase"]
[SourceQuality "1"]
[TimeControl "5400+30"]

1. d4 {[%emt 0:00:23]} d5 {[%emt 0:00:17]} 2. Nf3 {[%emt 0:00:08]} Nf6 {[%emt 0:00:52]} 3. c4 {[%emt 0:00:12]} c6 {[%emt 0:00:07]} 4. Nc3 {[%emt 0:00:07]} e6 {[%emt 0:00:07]} 5. Bg5 {[%emt 0:00:21]} h6 {[%emt 0:00:26]} 6. Bh4 {[%emt 0:01:46]} dxc4 {[%emt 0:00:11]} 7. e3 {[%emt 0:02:35]} b5 {[%emt 0:00:29]} 8. a4 {[%emt 0:01:45]} Bb4 {[%emt 0:01:29]} 9. Nd2 {[%emt 0:04:01]} Bb7 {[%emt 0:06:52]} 10. Be2 {[%emt 0:05:06]} a6 {[%emt 0:02:48]} 11. Bf3 {[%emt 0:06:06]} Qb6 {[%emt 0:03:40]} 12. Bxf6 {[%emt 0:04:44]} gxf6 {[%emt 0:00:48]} 13. O-O {[%emt 0:00:45]} Nd7 {[%emt 0:00:55]} 14. axb5 {[%emt 0:07:46]} axb5 {[%emt 0:02:42]} 15. Rxa8+ {[%emt 0:03:27]} Bxa8 {[%emt 0:00:01]} 16. Qc2 {[%emt 0:03:51]} Qa5 {[%emt 0:04:32]} 17. e4 {[%emt 0:09:08]} Ke7 {[%emt 0:08:34]} 18. Bh5 {[%emt 0:07:33]} Rd8 {[%emt 0:08:49]} 19. Qc1 {[%emt 0:03:57]} Rh8 {[%emt 0:08:33]} 20. Re1 {[%emt 0:07:40]} Nb6 {[%emt 0:10:54]} 21. Ndb1 {[%emt 0:02:15]} Nd7 {[%emt 0:06:09]} 22. Qe3 {[%emt 0:15:22]} Bd6 {[%emt 0:03:51]} 23. f4 {[%emt 0:10:34]} Bb8 {[%emt 0:06:07]} 24. e5 {[%emt 0:01:32]} f5 {[%emt 0:04:06]} 25. Qg3 {[%emt 0:00:36]} Kf8 {[%emt 0:00:18]} 26. Bf3 {[%emt 0:01:08]} Ba7 {[%emt 0:02:25]} 27. Rd1 {[%emt 0:00:31]} Bb6 {[%emt 0:01:22]} 28. Ne2 {[%emt 0:00:39]} Qa2 {[%emt 0:01:21]} 29. Qe1 {[%emt 0:00:29]} Qxb2 {[%emt 0:00:47]} 30. Nbc3 {[%emt 0:00:16]} Bb7 {[%emt 0:03:10]} 31. Rb1 {[%emt 0:00:17]} Qa3 {[%emt 0:01:05]} 32. Ra1 {[%emt 0:00:52]} Qb4 {[%emt 0:04:12]} 33. Rb1 {[%emt 0:00:07]} Qe7 {[%emt 0:00:07]} 34. Nxb5 {[%emt 0:00:14]} cxb5 {[%emt 0:00:45]} 35. Bxb7 {[%emt 0:00:05]} Nxe5 {[%emt 0:03:03]} 36. Kh1 {[%emt 0:01:07]} Qxb7 {[%emt 0:00:04]} 37. Qd2 {[%emt 0:00:49]} Rg8 {[%emt 0:01:45]} 38. Nc3 {[%emt 0:00:41]} b4 {[%emt 0:00:31]} 39. Na2 {[%emt 0:00:33]} Qe4 {[%emt 0:01:07]} 40. Rf1 {[%emt 0:00:31]} c3 {[%emt 0:04:30]} 41. Qe2 {[%emt 0:00:09]} c2 {[%emt 0:00:00]} 42. Rc1 {[%emt 0:00:00]} Qxg2+ {[%emt 0:00:00]} 0-1

[Event "MPL 47th National Women Chess-ch 2022"]
[Site "Odisha"]
[Date "2022.02.26"]
[Round "3.1"]
[White "Vaishali R"]
[Black "Sahithi Varshini M"]
[Result "1-0"]
[WhiteElo "2403"]
[BlackElo "2238"]
[Annotator "TA"]
[PlyCount "135"]
[EventDate "2022.02.25"]
[EventCountry "IND"]
[SourceTitle "playchess.com"]
[Source "ChessBase"]
[SourceQuality "1"]

{[%evp 9,135,15,13,10,5,8,23,24,62,62,64,57,56,50,56,56,58,63,90,50,89,37,54,51,82,39,95,93,86,79,91,85,93,78,108,92,100,102,120,120,120,0,120,85,102,110,106,106,104,101,101,98,129,128,125,122,114,121,112,104,118,103,103,94,89,78,77,50,147,103,103,103,108,103,114,114,115,0,107,0,113,116,107,104,104,109,328,328,335,331,331,319,342,331,337,333,327,324,415,406,575,572,542,485,761,729,748,739,697,498,604,574,763,766,739,713,1000,940,1005,1073,1161,1139,1042,963,1137,1095,5506,4906]} 1. e4 c5 2. Nc3 d6 3. Bb5+ Bd7 4. Bxd7+ Qxd7 5. d4 cxd4 6. Qxd4 {B23: Closed Sicilian: Lines without g3.} Nc6 7. Qd3 Nf6 8. Bg5 {White has an edge.} e6 (8... Ng4 {is more complex.} 9. Qe2 Nd4 10. Qd1 Nc6 11. h3 Nge5) 9. Bxf6 gxf6 10. O-O-O Be7 11. Nge2 O-O-O 12. f4 Kb8 {[#]} 13. Qh3 $146 ({Predecessor:} 13. Kb1 a6 14. Qh3 h5 15. f5 Ne5 16. Nd4 Ng4 17. Rhf1 Rc8 18. Nce2 Rc4 19. b3 {0-1 (64) Safarli,E (2598)-Gabrielian,A (2458) Chess.com INT 2020}) 13... a6 14. Rhf1 Rde8 15. f5 (15. Qh5 $16) 15... Bd8 $14 16. Nf4 Qe7 17. Nh5 (17. Kb1 $16) 17... Ref8 (17... Ne5 $14) 18. Ne2 $16 Rhg8 19. Nef4 {[%cal Rf5e6]} Re8 20. Qa3 Bc7 21. h3 Ne5 22. g4 Nd7 23. Kb1 Ne5 24. Qb3 Nd7 25. Qa3 Ne5 26. Rfe1 {[%cal Bf1e1,Be1e2,Be2d2][%mdl 32]} Rd8 27. Qb3 {[%cal Rf5e6]} Rde8 28. a3 Nd7 29. Re2 {White is much more active.} Ne5 30. Red2 Nc6 31. Rf1 Ne5 32. Nd3 Nd7 33. Rdf2 Ref8 34. Rf3 Bd8 35. Nb4 {Pair of Knights!} Ka7 36. Rd1 Bb6 37. Rff1 Rc8 38. Qg3 Bc7 (38... Ne5 $14) 39. Qe3+ ({White should play} 39. fxe6 fxe6 40. Nxf6 $1) 39... Ka8 40. Qh6 Rcf8 41. Rf3 (41. Qxh7 $2 Rh8 42. fxe6 (42. Qg7 $2 Rfg8 $19) 42... Rxh7 $19) 41... Ba5 (41... Ne5 $2 42. Rc3 Bd8 43. Qd2 $18 (43. Qxh7 Rh8 $15) (43. Rc8+ Ka7 $16)) 42. Nd3 ({Not} 42. Qxh7 $2 Rh8 43. Qg7 Rfg8 44. fxe6 Rxg7 45. exd7 Rg5 46. Nxf6 Bxb4 47. axb4 Kb8 $19) 42... Bb6 43. Nb4 ({Avoid the trap} 43. Qxh7 $2 Rh8 44. Qg7 Rfg8 45. fxe6 Rxg7 46. exd7 Rg5 47. Nxf6 Bd4 $19) (43. Rff1 $16) 43... Bc5 (43... Ne5 {[#]} 44. fxe6 $1 fxe6 45. Rxf6 $16) (43... Ba5 $11 {remains equal.}) 44. Nd3 Bb6 45. Qd2 ({But not} 45. Qxh7 $2 Rh8 46. Qg7 Rfg8 47. fxe6 Rxg7 48. exd7 Rg5 49. Nxf6 Bd4 $19) 45... Bd4 46. Qb4 Ne5 47. Rff1 Nxd3 $2 {This move loses the game for Black.} (47... Nc6 $16 48. Qd2 Nb8) 48. Qxd4 $18 Nc5 49. Nxf6 Rh8 {[#]} 50. Qxd6 $1 Qxf6 51. Qxc5 Rc8 {[#]} 52. fxe6 $1 {[%mdl 512]} Qxe6 53. Qd5 Qb6 54. Rxf7 Rc6 {[#]} (54... Rhd8 $142) 55. Rxh7 $3 {[%mdl 512] White is clearly winning.} Rhc8 (55... Rxh7 56. Qg8+) 56. Qb3 Qa7 (56... Qxb3 $142 57. cxb3 Rc2) 57. c3 Rb6 58. Qf7 Rb5 59. Ka2 {Strongly threatening Rd5.} Qb6 60. Rd2 Qe3 61. Qd7 Qc5 62. Qd4 {aiming for Rh8.} Qc6 63. Rh8 Qe6+ 64. Ka1 {Black must now prevent Rf2.} Rbc5 65. Rxc8+ Rxc8 66. Qd5 Qf6 67. Ka2 Qf3 68. Qf5 {Weighted Error Value: White=0.17 (very precise) /Black=0.22 (precise)} 1-0

[Event "MPL 47th National Women Chess-ch 2022"]
[Site "Odisha"]
[Date "2022.02.26"]
[Round "3.2"]
[White "Chitlange Sakshi"]
[Black "Nandhidhaa, P V"]
[Result "1-0"]
[WhiteElo "2205"]
[BlackElo "2380"]
[Annotator "TA"]
[PlyCount "118"]
[EventDate "2022.02.25"]
[EventCountry "IND"]
[SourceTitle "playchess.com"]
[Source "ChessBase"]
[SourceQuality "1"]

{[%evp 9,118,-29,11,0,0,-17,-7,-5,6,9,29,0,0,0,12,-19,-8,-20,-18,-48,0,0,16,0,9,-2,0,0,4,-4,0,0,0,0,0,0,0,0,0,0,0,0,0,-5,0,0,18,0,24,17,26,20,26,4,8,2,16,18,10,10,14,15,14,14,23,18,43,33,63,63,59,73,81,58,85,67,65,64,79,82,83,80,84,83,89,59,39,46,74,45,103,77,62,54,110,124,215,220,216,212,203,182,181,188,376,357,425,441,374,175,956]} 1. d4 Nf6 2. Nc3 d5 3. Bf4 a6 4. e3 Bf5 5. f3 h5 {[%cal Oc7c5]} (5... c5 {with more complications.} 6. g4 cxd4 7. exd4 Bd7 8. Nge2 e6) 6. Bd3 {D00: 1 d4 d5: Unusual lines.} Bxd3 7. Qxd3 e6 8. Nge2 {The position is equal.} Nbd7 9. e4 Nb6 {[#]} 10. Bg5 $146 ({Predecessor:} 10. a4 Bb4 11. O-O Qe7 12. Bg5 Qd7 13. b3 Nh7 14. Be3 O-O-O 15. a5 Na8 16. Na4 {1-0 (64) Ravuri,V (2042)-Yu,J (2081) Chess.com INT 2019}) 10... Be7 $1 11. O-O-O Qd7 {[%cal Of6e4]} 12. Bxf6 Bxf6 13. Kb1 O-O-O 14. exd5 Nxd5 (14... exd5 $15 15. Nc1 Kb8) 15. Ne4 $11 Be7 16. Nc1 Kb8 17. Qe2 Nf4 18. Qd2 Ng6 19. Rhe1 c5 20. dxc5 Qxd2 21. Rxd2 Rxd2 22. Nxd2 Bxc5 23. Ne4 Be7 24. Nd3 Rd8 25. Kc1 Kc7 26. g3 Rd5 27. f4 Kd7 28. Rd1 Kc6 29. c3 Rf5 30. Nd2 Kc7 31. Re1 h4 32. Rh1 Rd5 33. Kc2 b5 34. Nf3 Rh5 {[#] And now ...hxg3 would win.} 35. g4 Rd5 36. Rf1 Bd6 37. Nd4 Ne7 38. h3 Nc6 39. Nf3 Be7 40. Nde5 Nd8 41. g5 (41. b4 {feels hotter.} Bd6 42. Nd3 Be7 43. a3 Kb6 44. Re1) 41... Bd6 42. Rd1 {White is more active.} Rxd1 43. Kxd1 $14 {[%mdl 4096] Endgame KBN-KNN} Nc6 {[#]} 44. Nd3 $1 Ne7 45. Nxh4 Kc6 46. Ke2 g6 47. Nf3 {Strongly threatening Nfe5+.} Kd5 48. Nd2 Nc6 49. Ke3 Bc7 (49... Ne7 $1 $14) 50. b3 Bb6+ 51. Kf3 a5 (51... Ba5 $14) 52. Ne4 $16 a4 (52... Bd8 $16 {was necessary.} 53. h4 a4) 53. Nf6+ $18 Kd6 54. bxa4 bxa4 55. Nb2 Ba5 56. Nxa4 Na7 $2 (56... e5 57. Ke4 exf4 58. Kxf4 Bd8) 57. Ke4 Nb5 58. c4 Na3 59. Kd4 (59. c5+ $142 Ke7 60. Nb6) 59... Bd2 $2 {Weighted Error Value: White=0.10 (very precise) /Black=0.16 (very precise)} (59... Nc2+ 60. Ke4 Ke7) 1-0

[Event "MPL 47th National Women Chess-ch 2022"]
[Site "Odisha"]
[Date "2022.02.26"]
[Round "3.3"]
[White "Gomes, Mary Ann"]
[Black "Michelle Catherina, P."]
[Result "1/2-1/2"]
[WhiteElo "2361"]
[BlackElo "2176"]
[Annotator "TA"]
[PlyCount "61"]
[EventDate "2022.02.25"]
[EventCountry "IND"]
[SourceTitle "playchess.com"]
[Source "ChessBase"]
[SourceQuality "1"]

{[%evp 19,61,-22,0,-21,-10,-48,-5,-22,-23,-15,-25,-11,-19,-66,-16,-74,-49,-40,-37,-70,-62,-107,-107,-103,-94,-101,-88,-109,-91,-110,-75,-83,-79,-91,0,-93,0,-85,0,-84,0,-97,0,-86]} 1. Nf3 d5 2. c4 c6 3. g3 Nf6 4. Bg2 Bf5 5. O-O e6 6. b3 h6 7. Bb2 Be7 8. d3 O-O 9. Nbd2 Nbd7 10. Qc2 Bh7 11. e4 {A12: English Opening: 1...c6 with b3 by White.} a5 12. a3 {[#]} Rc8 $146 (12... Nc5 $15 {was preferrable.}) ({Predecessor:} 12... dxe4 13. dxe4 Qb6 14. Bd4 Bc5 15. Qb2 Bxd4 16. Nxd4 Rfd8 17. b4 axb4 18. axb4 Rxa1 19. Rxa1 Nc5 {1-0 (66) Hong,A (2453)-Tristan,L (2535) Chess.com INT 2021}) 13. Ne5 Nxe5 14. Bxe5 Nd7 15. Bc3 b5 16. Nf3 (16. Rfe1 $11) 16... Bf6 (16... a4 $1 $15 17. Qb2 Nc5) 17. Rfe1 (17. Bxf6 $11 Qxf6 18. Nd2) 17... bxc4 (17... a4 $5 {[%cal Ra4b3]} 18. Nd2 axb3 19. Nxb3 (19. Qxb3 bxc4 20. Bxf6 cxb3 $17) 19... bxc4 20. dxc4 Ne5 $15) 18. bxc4 Nc5 (18... Bxc3 {with more complications.} 19. Qxc3 Nc5 20. Rad1 Qb6 21. Nd2 Rfd8) 19. Bxf6 Qxf6 20. cxd5 (20. e5 $15 Qf5 21. Re3) 20... cxd5 $17 {[%cal Oc5e4]} 21. Rac1 dxe4 22. dxe4 Bxe4 23. Qc3 Bd5 24. Qe3 Qe7 25. Ne5 {[%cal Oe5g6]} Rfd8 26. Rc3 {[#]} Na4 ({Better is} 26... Qb7 $1 $17 27. Bxd5 Rxd5) 27. Rcc1 (27. Rxc8 $11 {keeps the balance.} Rxc8 28. Bxd5 exd5 29. Qd2) 27... Nc5 28. Rc3 $1 Na4 29. Rcc1 Nc5 30. Rc3 $1 Na4 31. Rcc1 {Weighted Error Value: White=0.21 (precise) /Black=0.35} 1/2-1/2

[Event "MPL 47th National Women Chess-ch 2022"]
[Site "Odisha"]
[Date "2022.02.26"]
[Round "3.4"]
[White "Pandey Srishti"]
[Black "Soumya, Swaminathan"]
[Result "0-1"]
[WhiteElo "2177"]
[BlackElo "2360"]
[Annotator "TA"]
[PlyCount "162"]
[EventDate "2022.02.25"]
[EventCountry "IND"]
[SourceTitle "playchess.com"]
[Source "ChessBase"]
[SourceQuality "1"]

{[%evp 16,162,32,3,0,3,37,7,30,14,32,27,72,37,41,43,79,73,141,54,62,34,64,-32,-13,-8,271,275,298,310,308,307,327,306,293,267,257,231,233,266,275,64,130,125,431,431,403,20,19,-224,-143,-145,-145,-226,-218,-240,-246,-247,-245,-240,-241,-417,-410,-519,-455,-559,-155,-155,-156,-156,-156,-159,-150,-151,-152,-163,-147,-114,-111,-114,-111,-114,-28,-145,-145,-12475,-12475,-12475,-9496,-5702,-5414,-29953,-29953,-29952,-29952,-29954,-12566,-5683,-5456,-4770,-4770,-3774,-2767,-4770,-4118,-29944,-859,-29962,-29964,-29963,-29959,-29957,-29959,-29958,-29959,-29958,-29959,-29957,-29962,-29961,-29962,-29970,-29971,-29970,-29971,-29972,-29973,-29973,-29974,-29974,-29975,-29975,-29974,-29978,-29975,-29974,-29975,-29983,-29984,-29988,-29989,-29992,-29993,-29993,-29993,-29994,-29994,-29995,-29996]} 1. d4 Nf6 2. c4 c5 3. d5 e6 4. Nc3 exd5 5. cxd5 d6 6. Nf3 g6 7. h3 Bg7 8. e4 O-O 9. Be3 Re8 {A70: Modern Benoni: 6 e4 g6 7 Nf3.} 10. Nd2 Na6 11. Bd3 Nc7 {[%cal Of6e4] The position is equal.} (11... Nxe4 $5 12. Ncxe4 (12. Ndxe4 f5 $11) 12... f5 $11) 12. O-O Rb8 13. a4 b6 (13... a6 $11 {deserves consideration.}) 14. Bg5 a6 15. f4 h6 16. Bh4 {[#]} Qd7 $146 (16... b5 $142) ({Predecessor:} 16... b5 17. Qf3 c4 18. Bb1 Qd7 19. Kh1 Nh7 20. axb5 axb5 21. Bf2 b4 22. Nd1 c3 23. bxc3 bxc3 24. Nxc3 {1-0 (41) Pandey,S (2066)-Leskur,D (2276) Novi Sad 2021}) 17. Bxf6 (17. Nc4 $1 $16) 17... Bxf6 $14 18. e5 dxe5 19. Nde4 (19. f5 $1 $14 e4 20. Ndxe4 Bd4+ 21. Kh1 gxf5 22. Ng3) 19... Bg7 $15 {Strongly threatening ...f5.} 20. d6 $36 {[%mdl 2048] [#] White has the initiative.} Na8 $2 {[%mdl 8192]} (20... exf4 $1 $11 21. dxc7 Qxc7) 21. Bc4 $1 $18 {fxe5 is the strong threat.} b5 22. axb5 {Threatens to win with fxe5.} (22. Nxc5 Qa7 23. Bxf7+ Qxf7 $11) 22... Nb6 23. Bd5 (23. Nxc5 Qa7 $18) 23... axb5 24. fxe5 (24. Nxc5 Qd8 $16) 24... Rxe5 25. Nxc5 (25. Bxf7+ $6 Kh8 $16) 25... Qd8 26. Bxf7+ Kh8 27. Nd3 {Pair of Knights!} Rf5 {[#]} 28. Qe2 $2 (28. Bxg6 Rxf1+ 29. Qxf1 Qxd6 $11) (28. Nf4 $1 $18 Rb7 29. Nxg6+ (29. Bxg6 Rxf4 30. Rxf4 Qg5 $18) 29... Kh7 30. Ne7 Rxe7 31. dxe7 Qxe7 32. Rxf5 Bxf5 33. Bb3) 28... Qxd6 {[#]} (28... Bd4+ $2 29. Kh1 Bb7 30. Rxf5 (30. Bxg6 Rxf1+ 31. Rxf1 Qxd6 $18) 30... gxf5 31. Nxb5 $18) ({Black should play} 28... Rxf1+ $14 29. Rxf1 Bf5) 29. Nxb5 $1 $16 Qd7 {[%mdl 8192]} (29... Qc6 $16) 30. Rxf5 $18 gxf5 31. Be8 $2 ({Only move:} 31. Ne5 $18 Qd8 32. Nc6) 31... Qe6 $11 32. Qh5 (32. Re1 $11 {and White is okay.} Qxe2 33. Rxe2) 32... Bd7 (32... Qe3+ 33. Nf2) 33. Bxd7 Qxd7 34. Nf4 (34. Ne5 $17 {was called for.} Qxb5 35. Ng6+ Kh7 36. Nh4) 34... Qxb5 $19 35. Ng6+ Kh7 {White must now prevent ...Qe8.} 36. Nh4 {[#]} Rf8 $1 (36... Kh8 $2 37. Qxf5 Qd7 38. Kh1) 37. Qg6+ Kh8 38. Ra7 $2 (38. Qg3 {was necessary.} Qxb2 39. Ng6+ Kg8 40. Ne7+ Kh7 41. Qg6+ Kh8 42. Re1) 38... Nd7 ({But not} 38... Qxb2 $2 39. Rxg7 (39. Nxf5 Qc1+ 40. Kh2 Be5+ 41. Ng3 Bxg3+ 42. Qxg3 Qf4 $19) 39... Qd4+ 40. Kh2 Qxg7 41. Qxb6 Qe5+ 42. g3 $19) (38... Bd4+ 39. Kh2 Be5+ 40. g3 $15) 39. Qd6 ({Wrong is} 39. Kh1 $2 Qf1+ 40. Kh2 Be5+ 41. g3 Qf2+ 42. Kh1 Qxa7 $19) 39... Ne5 40. Qc7 {[%csl Ga7][%cal Rc7g7]} Rf7 (40... Rg8 $19 {and Black stays clearly on top.} 41. Qd6 Qxb2 42. Rxg7 Qc1+ 43. Kh2 Qf4+ 44. Kh1 Kxg7 45. Qc7+ Kf6) 41. Qc8+ $17 Kh7 42. Rxf7 Nxf7 43. Qxf5+ Qxf5 44. Nxf5 Bxb2 45. g4 Kg6 46. Kg2 Bc1 47. Kg3 Kf6 48. Nd4 Ke5 (48... Ne5 $17 49. Nf5 Kg6) 49. Ne2 (49. Nf5 $1 $11 {remains equal.}) 49... Bd2 50. h4 $2 {[%mdl 8192]} (50. Kg2 $17) 50... Be1+ $19 51. Kf3 Bxh4 52. Nc3 Bg5 {Hoping for ...Bd2.} 53. Ne4 Kd4 54. Nf2 Ne5+ 55. Kg3 Ke3 (55... Be3 $142 56. Nh3 Ke4 57. Kh4 Ng6+ 58. Kg3 Bd2 59. Ng1 Be1+ 60. Kg2 Nf4+ 61. Kh2 Nd3 62. Kh3 Bf2 63. Ne2 Kf3 64. g5 hxg5 65. Ng1+ Ke4 66. Ne2 Nf4+ 67. Kg4 Nxe2 68. Kxg5 Ke5 69. Kg6 Bg3 70. Kg5 Ng1 71. Kg4 Bf4 72. Kh4 Kf5 73. Kh5 Nh3 74. Kh4 Ng5 75. Kh5 Bg3 76. Kh6 Ne6 77. Kh5 Nf4+ 78. Kh6 Kf6 79. Kh7 Kf7 80. Kh8 Bh4 81. Kh7 Bg5 82. Kh8 Ne6 83. Kh7 Nf8+ 84. Kh8 Bf6#) 56. Nd1+ Kd2 57. Nf2 Ke2 {[%cal Og5h4] ( -> ...Bh4+!)} 58. Ne4 Ke3 59. Nd6 Bf4+ 60. Kh3 Nf3 (60... Kf3 $142 61. Nf5 Bg5 62. Nd4+ Kf2 63. Ne6 Nd3 64. Nd4 Nf4+ 65. Kh2 Bf6 66. Nf5 Ne2 67. Nxh6 Be5+ 68. Kh1 Ng3+ 69. Kh2 Ne4+ 70. Kh3 Bg3 71. Nf7 Kf3 72. Ne5+ Bxe5 73. Kh4 Bf6+ 74. Kh5 Bg5 75. Kg6 Kxg4 76. Kf7 Kf5 77. Ke8 Ke6 78. Kf8 Nd6 79. Kg8 Kf6 80. Kh7 Kf7 81. Kh8 Ne4 82. Kh7 Nf6+ 83. Kh8 Nd7 84. Kh7 Nf8+ 85. Kh8 Bf6#) 61. Nf5+ Kf2 {Black mates.} 62. Ng7 Bg3 {[%cal Rf3g1]} 63. g5 hxg5 64. Ne6 Bf4 65. Kg4 Be3 66. Kf5 Kg3 67. Ke4 Bf2 68. Nxg5 Nxg5+ 69. Kf5 Be3 70. Ke5 Kg4 {[%cal Bg3g4,Bg4f5,Bf5e4,Be4d5,Bd5c4,Bc4c3][%mdl 32]} 71. Kd5 Kf5 72. Kd6 Ke4 73. Kc6 Nf7 74. Kb5 Ne5 {[%cal Bf7e5,Be5d3,Bd3b2,Bb2c4][%mdl 32]} 75. Ka6 Kd5 76. Kb5 Nd3 77. Ka4 Kc4 78. Ka3 Bd2 79. Ka4 Nb2+ 80. Ka3 Kc3 81. Ka2 Nc4 {Weighted Error Value: White=0.70/Black=0.54} 0-1

[Event "MPL 47th National Women Chess-ch 2022"]
[Site "Odisha"]
[Date "2022.02.26"]
[Round "3.5"]
[White "Padmini, Rout"]
[Black "Mohota, Nisha"]
[Result "1/2-1/2"]
[WhiteElo "2350"]
[BlackElo "2147"]
[Annotator "TA"]
[PlyCount "62"]
[EventDate "2022.02.25"]
[EventCountry "IND"]
[SourceTitle "playchess.com"]
[Source "ChessBase"]
[SourceQuality "1"]

{[%evp 11,62,22,22,17,43,3,13,0,0,0,0,-5,-3,-12,-2,0,-9,-9,-10,0,-8,-35,-10,-18,-29,-29,-20,-20,0,0,0,0,0,-19,-22,-20,-6,-9,0,0,0,0,0,0,0,0,0,0,0,0,0,0,0]} 1. Nf3 d5 2. g3 Nc6 3. d4 Bf5 4. Bg2 Nb4 5. Na3 e6 6. O-O Be7 7. c3 {D02: 1 d4 d5 2 Nf3 sidelines, including 2...Nf6 3 g3 and 2...Nf6 3 Bf4.} Nc6 8. Nb1 {[%cal Oc3c4]} Nf6 9. c4 {[#]} O-O $146 ({Predecessor:} 9... dxc4 10. Nc3 O-O 11. Qa4 Nd5 12. Qxc4 Nxc3 13. bxc3 Be4 14. Bf4 Qd5 15. Qxd5 Bxd5 16. Bxc7 Rfc8 17. Bf4 Na5 18. Ne5 Bxg2 19. Kxg2 Rxc3 20. Bd2 Ra3 21. Rfc1 Bd6 {½-½ (19) Grandelius,N (2672)-Sadhwani,R (2616) Chess.com INT 2022}) 10. Ne5 Nxe5 11. dxe5 Ne4 12. cxd5 exd5 13. Qb3 Rb8 14. Nc3 Nxc3 15. bxc3 c6 16. Qa4 Bc5 17. e4 dxe4 18. Bxe4 Bxe4 (18... Qc8 {with more complications.} 19. Re1 Re8 20. Bf3 Qc7 21. Qf4 g6) 19. Qxe4 {The position is equal.} Qd5 20. Qxd5 cxd5 21. Re1 Rbc8 22. Be3 Bxe3 23. Rxe3 $11 {[%mdl 4096] Endgame KRR-KRR} Rc5 24. Rd1 Rfc8 25. Red3 Rxc3 26. Rxc3 Rxc3 27. Rxd5 {[%cal Rd5d8] [#] KR-KR} Kf8 28. Rd7 Ra3 29. Rxb7 Rxa2 30. Kg2 Re2 31. Rxa7 Rxe5 {An interesting draw.  Weighted Error Value: White=0.06 (flawless) /Black=0.04 (flawless)} 1/2-1/2